Enredados : (Registro nro. 37152)

Detalles MARC
000 -CABECERA
Longitud fija campo de control 00755nam a2200193 4500
003 - • IDENTIFICADOR DELl NÚMERO DE CONTROL
Identificador del número de control CO-ViMGA
020 ## - • NÚMERO INTERNACIONAL NORMALIZADO PARA LIBROS
Número Internacional Normalizado para Libros (ISBN) 9789587669473
040 ## - FUENTE DE LA CATALOGACIÓN
Centro catalogador de origen CO-ViMGA
Lengua de catalogación spa
Centro transcriptor CO-ViMGA
100 1# - • PUNTO DE ACCESO PRINCIPAL-NOMBRE DE PERSONA
Nombre de persona Fucci, Emma
245 10 - • TITULO PROPIAMENTE DICHO
Título Enredados :
Resto del título otra vez /
Mención de responsabilidad, etc. Textos Emma Fucci
300 ## - • DESCRIPCIÓN FÍSICA
Extensión [10] p. :
Otras características físicas il. ; 25 cm.
Material Anexo 5 rompecabezas
490 ## - • MENCIÓN DE SERIE
Mención de serie Mi primer libro con rompecabezas
520 ## - • NOTA DE RESUMEN
Resumen, etc, Conoce el nuevo mundo de Rapunzel y a todos los que la rodean. Para jugar solo tienes que quitar las piezas de cada rompecabezas y volver a colocarlas en su lugar. ¡Podrás armar las escenas una y otra vez!
650 14 - • PUNTO DE ACCESO ADICIONAL DE MATERIA - TÉRMINO DE MATERIA
Término de materia o nombre geográfico como elemento inicial Cuentos infantiles
650 14 - • PUNTO DE ACCESO ADICIONAL DE MATERIA - TÉRMINO DE MATERIA
Término de materia o nombre geográfico como elemento inicial Libros ilustrados para niños
942 ## - ENTRADA DE ELEMENTOS AGREGADOS (KOHA)
Fuente de clasificaión o esquema Dewey Decimal Classification
Koha [por defecto] tipo de item LIbro
Existencias
Perdido Fuente de clasificación o esquema Estado Físico No para préstamo Forma de adquisición Localización permanente Localización actual Fecha adquisición Coste, precio normal de compra Préstamos totales Signatura completa Código de barras Fecha última consulta Fecha del precio de reemplazo Tipo de item de Koha
  Dewey Decimal Classification     Sala Infantil Segundo Piso Biblioteca Pública Germán Arciniegas - Villavicencio Biblioteca Pública Germán Arciniegas - Villavicencio 01/28/2020 33002.00   C FUCe 32935 01/28/2020 01/28/2020 LIbro
  Dewey Decimal Classification     Sala Infantil Segundo Piso Biblioteca Pública Germán Arciniegas - Villavicencio Biblioteca Pública Germán Arciniegas - Villavicencio 01/28/2020 33002.00   C FUCe 32936 01/28/2020 01/28/2020 LIbro









Instituto Departamental de Cultura del Meta - Red Departamental de Bibliotecas Públicas del Meta.